| 000 | 00469nam a22001812 4500 | ||
|---|---|---|---|
| 001 | 0000004050 | ||
| 005 | 20170406115524.0 | ||
| 008 | 140807s xx 000 0 eng d | ||
| 020 | _c$ | ||
| 040 |
_aYour Holding Symbol _cYour Holding Symbol |
||
| 100 | 1 | _aTolstoy,LEO. | |
| 245 | 1 | 0 | _aWar and peace. |
| 250 | _a ed. | ||
| 260 |
_aNew york : _bMilestone, _c195-?. |
||
| 300 |
_a1116 p. ; _c cm. |
||
| 650 | 0 | _awar and peace. | |
| 908 | _a140807 | ||
| 999 |
_c3893 _d3893 |
||